000 00211 a2200097 4500
001 763
100 _aChose,R.N
245 _aMicrowave circuit theory & analysis
260 _a
_bMcgrawhill
_c
090 _c357
_d357
942 _aNUST-CAE
_cM
_c28557
999 _c235836
_d235836